Frontier Passage / (Record no. 186857)

000 -LEADER
fixed length control field 00836 a2200169 4500
003 - CONTROL NUMBER IDENTIFIER
control field Nust
005 - DATE AND TIME OF LATEST TRANSACTION
control field 20230120102543.0
040 ## - CATALOGING SOURCE
Transcribing agency Nust
082 ## - DEWEY DECIMAL CLASSIFICATION NUMBER
Classification number 808.83,BRI
100 ## - MAIN ENTRY--PERSONAL NAME
Personal name Bridge , Ann
9 (RLIN) 107213
245 ## - TITLE STATEMENT
Title Frontier Passage /
Statement of responsibility, etc. Ann Bridge
260 ## - PUBLICATION, DISTRIBUTION, ETC.
Place of publication, distribution, etc. London
Name of publisher, distributor, etc. Chatto & Windus
300 ## - PHYSICAL DESCRIPTION
Extent 250:p
505 ## - FORMATTED CONTENTS NOTE
Formatted contents note The Far Side Madrid (Page-2), The Far Side Madrid (Page-17), This Side St. Jean-de-Luz (Page-33), This Side St. Jean-de-Luz (Page-52), The Far Side- Almadera (Page-68), This Side- St. Jean-de-Luz (Page-83), Under-The Grotte De Sare (Page-103), The Far Side-Almadera and Barcelona (Page-125), This Side St. Jean-de-Luz (Page-142), This Side St. Jean-de-Luz (Page-168), On the Grest (Page-187), The Side-Amelie-Les-Bains (Page-208), This Side-Prats-De-Mollo (Page-228).
650 ## - SUBJECT ADDED ENTRY--TOPICAL TERM
Topical term or geographic name entry element Novel
9 (RLIN) 2525
942 ## - ADDED ENTRY ELEMENTS (KOHA)
Source of classification or shelving scheme
Koha item type Book
Holdings
Withdrawn status Lost status Source of classification or shelving scheme Damaged status Not for loan Permanent Location Current Location Shelving location Date acquired Full call number Barcode Date last seen Price effective from Koha item type Public note
          Military College of Signals (MCS) Military College of Signals (MCS) General Stacks 12/12/2016 808.83,BRI MCS29089 12/08/2016 12/12/2016 Book Almirah No.56, Shelf No.4
© 2023 Central Library, National University of Sciences and Technology. All Rights Reserved.